2025-26 Premier League Captains - Statistics

General Stats
  • This quiz has been taken 49 times
    29 since last reset
  • The average score is 12 of 20
Answer Stats
Club Captain % Correct
Arsenal Martin Odegaard
90%
Liverpool Virgil van Dijk
85%
Manchester City Bernardo Silva
80%
Manchester United Bruno Fernandes
80%
Aston Villa John McGinn
75%
Chelsea Reece James
75%
Newcastle Bruno Guimarães
70%
Tottenham Hotspur Cristian Romero
70%
Sunderland Granit Xhaka
60%
West Ham Jarrod Bowen
60%
Everton Seamus Coleman
60%
Bournemouth Adam Smith
55%
Crystal Palace Dean Henderson
55%
Brighton & Hove Albion Lewis Dunk
55%
Wolverhampton Wanderers Toti Gomes
50%
Leeds Ethan Ampadu
45%
Nottingham Forest Ryan Yates
40%
Fulham Tom Cairney
40%
Burnley Josh Cullen
30%
Brentford Nathan Collins
30%
No matching quizzes found
Score Distribution
Percent of People with Each Score
Percentile by Number Answered
Your Score History
You have not taken this quiz since the last reset